LEADER 01465nam 2200421I 450 001 9910703943003321 005 20170208090420.0 035 $a(CKB)5470000002446917 035 $a(OCoLC)971614610 035 $a(OCoLC)995470000002446917 035 $a(EXLCZ)995470000002446917 100 $a20170208j201308 ua 0 101 0 $aeng 135 $aurcn||||||||| 181 $ctxt$2rdacontent 182 $cc$2rdamedia 183 $acr$2rdacarrier 200 10$aPSCAD modules representing PV generator /$fE Muljadid, M. Singh, and V. Gevorgian 210 1$aGolden, CO :$cNational Renewable Energy Laboratory,$dAugust 2013. 215 $a1 online resource (61 pages) $ccolor illustrations 225 1 $aNREL/TP ;$v5500-58189 300 $a"August 2013." 320 $aIncludes bibliographical references (Pages 60-61). 517 1 $aPower System Computer Aided Design modules representing photovoltaic generator 606 $aPhotovoltaic power generation$zUnited States 606 $aSolar power plants$zUnited States 615 0$aPhotovoltaic power generation 615 0$aSolar power plants 700 $aMuljadi$b E.$01384435 701 $aSingh$b M$c(Author)$013684 702 $aGevorgian$b V$g(Vahan), 712 02$aNational Renewable Energy Laboratory (U.S.), 801 0$bGPO 801 1$bGPO 906 $aBOOK 912 $a9910703943003321 996 $aPSCAD modules representing PV generator$93500635 997 $aUNINA LEADER 02256nam 22004213 450 001 9911016152303321 005 20240727060233.0 010 $a9780784485521$b(electronic bk.) 035 $a(MiAaPQ)EBC31565570 035 $a(Au-PeEL)EBL31565570 035 $a(CKB)33414729500041 035 $a(Exl-AI)31565570 035 $a(EXLCZ)9933414729500041 100 $a20240727d2024 uy 0 101 0 $aeng 135 $aurcnu|||||||| 181 $ctxt$2rdacontent 182 $cc$2rdamedia 183 $acr$2rdacarrier 200 10$aInternational Conference on Transportation and Development 2024 $eTransportation Planning, Operations, and Transit 205 $a1st ed. 210 1$aReston :$cAmerican Society of Civil Engineers,$d2024. 210 4$dİ2024. 215 $a1 online resource (798 pages) 311 08$aPrint version: Wei, Heng International Conference on Transportation and Development 2024 Reston : American Society of Civil Engineers,c2024 327 $aIntro -- 0001 -- 0002 -- 0003 -- 0004 -- 0005 -- 0006 -- 0007 -- 0008 -- 0009 -- 0010 -- 0011 -- 0012 -- 0013 -- 0014 -- 0015 -- 0016 -- 0017 -- 0018 -- 0019 -- 0020 -- 0021 -- 0022 -- 0023 -- 0024 -- 0025 -- 0026 -- 0027 -- 0028 -- 0029 -- 0030 -- 0031 -- 0032 -- 0033 -- 0034 -- 0035 -- 0036 -- 0037 -- 0038 -- 0039 -- 0040 -- 0041 -- 0042 -- 0043 -- 0044 -- 0045 -- 0046 -- 0047 -- 0048 -- 0049 -- 0050 -- 0051 -- 0052 -- 0053 -- 0054 -- 0055 -- 0056 -- 0057 -- 0058 -- 0059 -- 0060 -- 0061 -- 0062 -- 0063 -- 0064 -- 0065 -- 0066 -- 0067 -- 0068 -- 0069 -- 0070 -- 0071 -- 0072 -- 0073 -- 0074. 330 $aThis collection contains 69 peer-reviewed papers on transportation planning, operations, and transit presented at the International Conference on Transportation and Development 2024, held in Atlanta, Georgia, June 15-18, 2024. 606 $aTransportation engineering$7Generated by AI 606 $aUrban transportation$7Generated by AI 615 0$aTransportation engineering 615 0$aUrban transportation 700 $aWei$b Heng$01824133 801 0$bMiAaPQ 801 1$bMiAaPQ 801 2$bMiAaPQ 912 $a9911016152303321 996 $aInternational Conference on Transportation and Development 2024$94411933 997 $aUNINA